| 000 | 01131nam a22002537a 4500 | ||
|---|---|---|---|
| 001 | 4079 | ||
| 003 | FISKH | ||
| 005 | 20240605152733.0 | ||
| 008 | 240605b cb ||||| |||| 00| 0 eng d | ||
| 020 | _a9781907083556 | ||
| 040 |
_aFISKH _beng _cFISKH _dFISKH |
||
| 050 | _aPZ7 | ||
| 082 | _a567.9 | ||
| 100 | _aHayes, Susan | ||
| 245 |
_aCatch a Dinosaur! and other prehistoric beasts / _cSusan Hayes |
||
| 260 |
_aNew York : _bScholastic, _c2018 |
||
| 300 |
_a48 pages ; _bcolor illustrations ; _c28 cm |
||
| 505 | _aR | ||
| 520 | _aUh-oh. Someone left the door open. Yup: that door. The one that leads to another dimension, where time is all mixed up. And before anyone noticed, a vicious horde of prehistoric critters raced through. Now the biggest, hungriest, scariest monsters that ever existed are living in this book! Oh-- and it's your job to catch them! So study the clues, step into a habitat, turn off the lights and get ready for action. You see, these beasts can?t hide in the dark. They glow? | ||
| 521 | 8 |
_a750
_bLexile |
|
| 521 | 8 |
_aR
_bRaz-Plus |
|
| 650 | _aDinosaurs | ||
| 942 |
_2ddc _cBK _n0 |
||
| 999 |
_c4079 _d4079 |
||